Get organised! : A guide to personal productivity

Bibliographic Details
Main Author: Pollar, Odette
Format: Book
Published: London : Kogan Page , 1993
Series:Better management skills
Subjects:

MARC

LEADER 00000cam a2200000 7i4500
001 0000000898
002 000001002
005 20000330.0
020 |a 0749409436 
090 0 0 |a 658   |b POL 
100 1 |a Pollar, Odette 
245 1 0 |a Get organised! :   |b A guide to personal productivity   |c Odette Pollar 
260 |a London :   |b Kogan Page ,   |c 1993 
300 |a 80p. ;   |c 22cm. 
490 0 |a Better management skills 
650 0 0 |a Management 
999 |a 029609   |b BUKU   |c PINJAMAN   |e PERPUSTAKAAN KOMUNITI PETALING JAYA